Vývoj reálnych miezd v SR
Hodnotenie vývoja a reálny pohľad na vývoj miezd v SR.
Salvato in:
| Autore principale: | |
|---|---|
| Natura: | Capitolo di libro |
| Lingua: | slovacco |
| Soggetti: | |
| Tags: |
Nessun Tag, puoi essere il primo ad aggiungerne!!
|
MARC
| LEADER | 00000naa$a2200000$$$4500 | ||
|---|---|---|---|
| 001 | 0039822 | ||
| 005 | 20240502071505.7 | ||
| 041 | 0 | |a slo | |
| 044 | |a SK | ||
| 245 | 1 | 0 | |a Vývoj reálnych miezd v SR |c Jozef Chajdiak |
| 520 | |a Hodnotenie vývoja a reálny pohľad na vývoj miezd v SR. | ||
| 610 | 2 | 0 | |a vývoj mzdový |
| 610 | 2 | 0 | |a výkazníctvo štatistické |
| 610 | 2 | 0 | |a mzdy priemerné |
| 610 | 2 | 0 | |a mzdy reálne |
| 610 | 2 | 0 | |a indexy cenové |
| 610 | 2 | 0 | |a prognózy |
| 610 | 2 | 0 | |a Slovensko |
| 100 | 1 | |a Chajdiak, Jozef | |